Guess the rap song by lyrics - Statistics

General Stats
  • This quiz has been taken 62 times
    61 since last reset
  • The average score is 5 of 10
Answer Stats
Hint Answer % Correct
“Be humble sit down” Humble
89%
“i got black i got white” Ransom
82%
“Say hey Drake” Not like us
78%
“I still see your shadows” Lucid Dreams
75%
“Got a drop ona flexin N—— he from tennesee” Crazy story
51%
“lil mama party girl she just wanna have fun too” Party girl
47%
“you taught a lesson to me that i had to learn” Suicidal
27%
“gun em down” Armed and Dangerous
18%
“She be callin she be callin” Hope
9%
“I brush my teeth daily” No flaws
2%
No matching quizzes found
Score Distribution
Percent of People with Each Score
Percentile by Number Answered
Your Score History
You have not taken this quiz since the last reset